| 000 | 00733nam a2200217Ii 4500 | ||
|---|---|---|---|
| 001 | 4450 | ||
| 003 | CO-ViMGA | ||
| 008 | 241108s9999||||xx |||||||||||||| ||und|| | ||
| 020 | _a9789588454955 | ||
| 040 |
_aCO-ViMGA _bspa _erda _cCO-ViMGA |
||
| 041 | 0 | _aspa | |
| 082 | 0 | 4 | _a923.2 U53 |
| 100 | 1 |
_aCamilo Torres Restrepo _945342 |
|
| 245 | 1 | 0 |
_aUnidad en la diversidad : _bCamilo Torres y el frente unido del pueblo (aportes para el debate) |
| 264 | 1 | _aBogotá, Colombia : Fundación Colectivo Frente Unido (CFU) : Ediciones Desde Abajo, 2014 | |
| 300 | _avolumen | ||
| 336 |
_atext _btxt _2rdacontent |
||
| 337 |
_aunmediated _bn _2rdamedia |
||
| 338 |
_avolume _bnc _2rdacarrier |
||
| 940 | _aidficha_siabuc: 4343. -- ficha_no_siabuc:4450 | ||
| 999 |
_c39866 _d39866 |
||